Statistics for Cleveland Cavaliers 2017-18 Roster (Updated)

Click here to take the quiz!

General Stats

  • This quiz has been taken 81 times
  • The average score is 7 of 17

Answer Stats

#PositionPlayer% Correct
23SFLeBron James
99%
0CKevin Love
91%
5SGJR Smith
76%
13CTristan Thompson
68%
-CoachTyronn Lue
52%
3PGGeorge Hill
43%
26SGKyle Korver
43%
16SFCedi Osman
41%
8PGJordan Clarkson
36%
22PFLarry Nance Jr.
36%
32SFJeff Green
35%
81PGJose Calderon
32%
1SGRodney Hood
25%
41PFAnte Zizic
19%
10SGJohn Holland
7%
15PGLondon Perrantes
7%
52SGMarcus Thornton
1%

Score Distribution

Percentile by Number Answered

Percent of People with Each Score

Your Score History

You have not taken this quiz